000
00298nam a22001457a 4500
008
210511b ||||| |||| 00| 0 eng d
020
_a
9780139082375
041
_a
eng
080
_a
37
082
_a
37
100
_a
46
101
_a
EDU
245
_a
New Vistas
_c
Brown,H.D
942
_2
udc
_c
BK
999
_c
57201
_d
57201